| 000 | 01222 a2200325 4500 | ||
|---|---|---|---|
| 001 | 200423585 | ||
| 999 |
_c200423585 _d40415 |
||
| 003 | TR-AnTOB | ||
| 005 | 20241017141847.0 | ||
| 008 | 160112b tu 000 0 | ||
| 020 | _a9789751625151 | ||
| 040 |
_btur _dTR-AnTOB _erda |
||
| 041 | 0 | _atur | |
| 050 | 0 | 0 |
_aPA6700 _b.D319 2012 |
| 090 | _aPA6700 .D319 2012 | ||
| 100 | 1 |
_aTranquillus, Gaius Suetonius _9111475 |
|
| 245 | 1 | 0 |
_aÜnlü kişiler=De viris illustribus / _cGaius Suetonius Tranquillus ; latinceden çev. Ü.Fafo Telatar. |
| 264 |
_aAnkara: _bTürk Tarih Kurumu, _c2012 |
||
| 264 |
_a _b, _c©2012 |
||
| 300 |
_aXIV, 74 s. _c20 cm. |
||
| 336 |
_atext _2rdacontent |
||
| 337 |
_aunmediated _2rdamedia |
||
| 338 |
_avolume _2rdacarrier |
||
| 490 | 0 |
_aTürk Tarih Kurumu Yayınları III.III-1.III-2.Dizi-Sayı ; _v3. |
|
| 505 | _aI. De Viris Illustribus (Ünlü Kişiler) -- II. De Grammaticis (Dilbilgisi ve Edebiyat Öğretmenleri) -- III. De Rhetoribus (Hitabet Öğretmenleri) -- IV. De Poetis (Şairler) -- V. De Oratoribus (Hatipler) | ||
| 650 | 0 | 0 |
_aPhilologists _zRome _vBiography _9111477 |
| 650 | 0 | 0 |
_aFiloloji uzmanları _zRoma _vBiyografi _9111478 |
| 700 | 1 |
_aTelatar, Ü. Fafo _9111476 |
|
| 942 | _cBK | ||